00879nam a2200229 a 4500001001000000003000500010005001700015008004100032010001100073011001100084040000900095100002600104245016700130260004100297500006000338502008500398650001900483650001700502650003000519650003000549856007000579000114346CHAP20220329144437.0180115s2017 mx a fsm |||||||spa d a110807 a111779 cCHAP1 aVazquez Madrid, Edgar10aAplicación de velocimetría de imágenes de partículas (PIV) para caracterizar patrones de flujo en biorreactores /h[En línea]cpor Edgar Vazquez Madrid. aChapingo, Méx. :bEl autor,c2017. aPara ver el contenido del material haga clic en la liga aTesis (Ing. Agroindustrial) -- UACH. Departamento de Ingeniería Agroindustrial14aBiorreactores.14aMezcladoras.14aPartículasxAnálisis.14aTratamiento anaeróbico. aFinding aiduhttp://10.13.5.2/tesis/sist114346.pdfzTeclea aquí